The structural communication methodology as a means of teaching George Orwell's Animal Farm : paper and computer-based instruction (Record no. 77432)
[ view plain ]
| 000 -CABECERA | |
|---|---|
| campo de control de longitud fija | 00726nam a2200217 a 4500 |
| 005 - FECHA Y HORA DE LA ÚLTIMA TRANSACCIÓN | |
| campo de control | 20210219153446.0 |
| 008 - ELEMENTOS DE LONGITUD FIJA--INFORMACIÓN GENERAL | |
| campo de control de longitud fija | 991125n 000 0 eng u |
| 035 ## - NÚMERO DE CONTROL DEL SISTEMA | |
| Número de control de sistema | UPN01000101087 |
| 100 ## - ASIENTO PRINCIPAL--NOMBRE PERSONAL | |
| Nombre de persona | ROMISZOWSKI, Alex |
| 222 ## - TÍTULO CLAVE | |
| Título clave | COMPUTER IN THE SCHOOLS : THE INTERDISCIPLINARY JOURNAL OF PRACTICE, THEORY AND APPLIED RESEARCH |
| 245 ## - MENCIÓN DE TÍTULO | |
| Título | The structural communication methodology as a means of teaching George Orwell's Animal Farm : paper and computer-based instruction |
| 260 ## - PUBLICACIÓN, DISTRIBUCIÓN, ETC. | |
| Lugar de publicación, distribución, etc. | New York, EUA |
| 300 ## - DESCRIPCIÓN FÍSICA | |
| Extensión | 199-226 |
| 362 ## - FECHAS DE PUBLICACIÓN Y/O DESIGNACIÓN SECUENCIAL | |
| Fecha de publicación y/o designación secuencial | 1994 Vol. 10, nos. 1-2 |
| 653 0# - TERMINO DE INDIZACION - NO CONTROLADO | |
| Término no controlado | COMUNICACION |
| 653 0# - TERMINO DE INDIZACION - NO CONTROLADO | |
| Término no controlado | EAC |
| 653 0# - TERMINO DE INDIZACION - NO CONTROLADO | |
| Término no controlado | ENSEÑANZA |
| 700 ## - ASIENTO SECUNDARIO--NOMBRE DE PERSONAL | |
| Nombre de persona | ABRAHAMSON, Andrew, coaut. |
| 904 ## - ELEMENTOS DE DATOS D LOCAL, LDD (RLIN) | |
| a | AC |
| b | 038898 |
| 905 ## - TIPO DE MATERIAL | |
| Tipo de material | Articulo |
No items available.
